000 00476nam a22001457a 4500
020 _qHB.
040 _cFizza Ishaq
082 _a904705
_bAHM
100 _aInc. American History Publications.
_9134406
245 _aMHQ: The Quarterly Journal of Military History /
_cInc. American History Publications.
250 _aVolume 9, Number 2.
260 _aNew York :
_bInc. American History Publications,
_c1997.
300 _a112 p, ;
_c11.1 x 8.6 x .5 inches
942 _2ddc
_cBK
999 _c617387
_d617387